Famous People With The Same Initials - Statistics

General Stats
  • This quiz has been taken 249 times
  • The average score is 11 of 24
Answer Stats
Initials Hint Answer % Correct
PP Pablo Picasso Leader of the Communist Party of Kampuchea Pol Pot
73%
BC Bill Clinton He has portrayed A. Turing, S. Hawking, or S. Strange Benedict Cumberbatch
72%
RP Robert Pattinson Her trial in 1955 started major boycotts in the USA Rosa Parks
71%
PP Pol Pot Blue Period: 1901–1904, Rose Period: 1904–1906 Pablo Picasso
69%
MP Matthew Perry He delivered letters between the Pope and Kublai Khan Marco Polo
65%
BC Benedict Cumberbatch Almost became the first First Gentleman of the USA Bill Clinton
62%
CD Celine Dion "The Voyage of the Beagle" and "The Descent of Man" Charles Darwin
61%
TB Tim Burton Holds the NFL record for the most career quarterback wins Tom Brady
61%
JR Julia Roberts His podcast has the word "Experience" in its name Joe Rogan
59%
CN Chuck Norris Won an Academy Award for Oppenheimer Christopher Nolan
56%
RP Rosa Parks Wizard, vampire, and sexiest man alive of 2008 & 2009 Robert Pattinson
53%
CN Christopher Nolan Ginger-haired martial artist (*1940) Chuck Norris
45%
JR Joe Rogan 5 times World's Most Beautiful Person known for her big smile Julia Roberts
45%
TB Tom Brady His movies often feature his ex-wife H.B.C. Tim Burton
45%
CD Charles Darwin "The Power of Love" and "All by Myself" Céline Dion
44%
KL Kendrick Lamar German fashion designer (1933-2019) Karl Lagerfeld
35%
FD Frederick Douglass Vice admiral knighted in 1581 Francis Drake
33%
KL Karl Lagerfeld The most-watched Super Bowl halftime show of all time Kendrick Lamar
30%
WS Wallis Simpson Lysander, Claudius, Hermia, Rosalind William Shakespeare
24%
RA Rowan Atkinson He sailed ships Maud and Fram and airship Norge Roald Amundsen
22%
FD Francis Drake Abolitionist and US Minister Resident to Haiti (1889-1891) Frederick Douglass
20%
WS William Shakespeare Aunt of Queen Elizabeth II and sister-in-law to King George VI Wallis Simpson
20%
RA Roald Amundsen Played the synthethiser at the Olympics opening ceremony Rowan Atkinson
16%
MP Marco Polo "Friends, Lovers, and the Big Terrible Thing" (2022) Matthew Perry
14%
No matching quizzes found
Score Distribution
Percent of People with Each Score
Percentile by Number Answered
Your Score History
You have not taken this quiz